[Event "Agzamov Memorial 07th"]
[Site "Tashkent"]
[Date "2013.04.19"]
[Round "6"]
[White "Khudoykulov, Nuriddin"]
[Black "Tillyaev, Ulugbek"]
[Result "1/2-1/2"]
[WhiteElo "1982"]
[BlackElo "2227"]
[PlyCount "86"]
[EventDate "2013.04.14"]
[EventType "swiss"]
[EventRounds "9"]
[EventCountry "UZB"]
[SourceTitle "CBM 154 Extra"]
[Source "ChessBase"]
[SourceDate "2013.06.25"]
[SourceVersion "2"]
[SourceVersionDate "2013.06.25"]
[SourceQuality "1"]

1. e4 c5 2. Nf3 e6 3. d4 cxd4 4. Nxd4 a6 5. Bd3 Qc7 6. 0-0 Bd6 7. Kh1 Nc6 8. Nxc6 dxc6 9. f4 e5 10. f5 Nf6 11. c4 h5 12. Be3 Ng4 13. Bg1 Qe7 14. Be2 Nf6 15. Bf3 g5 16. fxg6 fxg6 17. Qc1 Be6 18. c5 Bc7 19. Be3 0-0-0 20. b4 Nh7 21. a4 g5 22. b5 g4 23. Be2 Kd7 24. bxc6+ bxc6 25. Bxa6 Ke8 26. Bc4 Rf8 27. Nd2 h4 28. a5 h3 29. g3 Bb8 30. a6 Ba7 31. Bxe6 Qxe6 32. Nc4 Rxf1+ 33. Qxf1 Qg6 34. Qf5 Qxf5 35. exf5 Rd5 36. Re1 Nf6 37. Bf2 Nd7 38. Nb6 Rd2 39. Kg1 Ra2 40. Nxd7 Kxd7 41. Rxe5 Rxa6 42. Kf1 Ra1+ 43. Re1 Ra5 1/2-1/2

[Event "UZB-ch U20"]
[Site "Novbahor"]
[Date "2012.09.16"]
[Round "11"]
[White "Jumanov, Elbek"]
[Black "Khudoykulov, Nuriddin"]
[Result "1-0"]
[WhiteElo "1962"]
[BlackElo "2006"]
[PlyCount "87"]
[EventDate "2012.09.06"]
[EventType "tourn"]
[EventRounds "13"]
[EventCountry "UZB"]
[SourceTitle "EXT 2013"]
[Source "ChessBase"]
[SourceDate "2012.11.22"]
[SourceVersion "1"]
[SourceVersionDate "2012.11.22"]
[SourceQuality "1"]

1. Nf3 Nf6 2. c4 g6 3. g3 Bg7 4. Bg2 0-0 5. 0-0 d6 6. Nc3 e5 7. Rb1 a5 8. a3 Bf5 9. d3 Nc6 10. b4 axb4 11. axb4 Qc8 12. b5 Ne7 13. Re1 h6 14. Bb2 Re8 15. Ra1 Nd7 16. Qc2 c6 17. Rxa8 Qxa8 18. Nd2 Qb8 19. Ra1 Be6 20. Ba3 f5 21. Qb3 Qc7 22. Rb1 Kf7 23. bxc6 bxc6 24. Nd5 cxd5 25. cxd5 Nxd5 26. Bxd5 Nc5 27. Qa2 Qa5 28. Bxe6+ Rxe6 29. Nc4 Qc7 30. Bxc5 Qxc5 31. Rb7+ Kg8 32. Ne3 d5 33. Nxd5 Kh7 34. Rc7 Qd4 35. Ne7 Qd6 36. Nd5 Qa6 37. Qb2 Qa8 38. e4 fxe4 39. dxe4 Qa5 40. Kg2 Qa4 41. Qe2 Qe8 42. Qf3 Rd6 43. Nf6+ Rxf6 44. Qxf6 1-0

[Event "UZB-ch U20"]
[Site "Novbahor"]
[Date "2012.09.15"]
[Round "10"]
[White "Khudoykulov, Nuriddin"]
[Black "Rahman, Adel"]
[Result "0-1"]
[WhiteElo "2006"]
[BlackElo "2092"]
[PlyCount "56"]
[EventDate "2012.09.06"]
[EventType "tourn"]
[EventRounds "13"]
[EventCountry "UZB"]
[SourceTitle "EXT 2013"]
[Source "ChessBase"]
[SourceDate "2012.11.22"]
[SourceVersion "1"]
[SourceVersionDate "2012.11.22"]
[SourceQuality "1"]

1. e4 c5 2. Nf3 Nc6 3. d4 cxd4 4. Nxd4 Nf6 5. Nc3 e5 6. Ndb5 d6 7. Bg5 a6 8. Na3 b5 9. Nd5 Be7 10. Bxf6 Bxf6 11. c3 Bg5 12. Nc2 Ne7 13. a4 bxa4 14. Rxa4 Nxd5 15. Qxd5 Be6 16. Qd3 a5 17. Be2 0-0 18. 0-0 Qb6 19. b4 Bb3 20. bxa5 Rxa5 21. Rb4 Bxc2 22. Qxc2 Qc5 23. Rc4 Qa7 24. Rc6 Ra2 25. Qd3 Rd2 26. Qa6 Qd7 27. Rd1 Rxe2 28. Rcxd6 Qg4 0-1

[Event "UZB-ch U20"]
[Site "Novbahor"]
[Date "2012.09.12"]
[Round "7"]
[White "Saydaliev, Saidakbar"]
[Black "Khudoykulov, Nuriddin"]
[Result "1-0"]
[WhiteElo "1924"]
[BlackElo "2006"]
[PlyCount "87"]
[EventDate "2012.09.06"]
[EventType "tourn"]
[EventRounds "13"]
[EventCountry "UZB"]
[SourceTitle "EXT 2013"]
[Source "ChessBase"]
[SourceDate "2012.11.22"]
[SourceVersion "1"]
[SourceVersionDate "2012.11.22"]
[SourceQuality "1"]

1. d4 Nf6 2. c4 e6 3. Nc3 c5 4. d5 exd5 5. cxd5 d6 6. Nf3 g6 7. Bf4 a6 8. a4 Bg7 9. e3 0-0 10. h3 Nh5 11. Bh2 f5 12. Be2 f4 13. e4 Nd7 14. 0-0 Qe7 15. Nd2 Nhf6 16. Qc2 Ne8 17. Rfe1 Ne5 18. Nf3 g5 19. Rad1 Nxf3+ 20. Bxf3 Nf6 21. e5 dxe5 22. d6 Qd8 23. Ne4 Nxe4 24. Bxe4 Be6 25. Bxh7+ Kh8 26. Be4 Qb6 27. Qe2 Rfd8 28. Qh5+ Kg8 29. Qg6 Bf7 30. Qxg5 Rxd6 31. g3 Qb4 32. Bg2 Rad8 33. Qxd8+ Rxd8 34. Rxd8+ Bf8 35. Rxe5 Qxb2 36. Rg5+ Kh7 37. Be4+ Kh6 38. Rg4 Be7 39. Rd7 Qe5 40. Rxf4 Be8 41. Rxb7 c4 42. Rh4+ Kg7 43. Rxe7+ Qxe7 44. Rh7+ 1-0

[Event "UZB-ch U20"]
[Site "Novbahor"]
[Date "2012.09.11"]
[Round "6"]
[White "Khudoykulov, Nuriddin"]
[Black "Sattarov, Bobir"]
[Result "0-1"]
[WhiteElo "2006"]
[BlackElo "2141"]
[PlyCount "100"]
[EventDate "2012.09.06"]
[EventType "tourn"]
[EventRounds "13"]
[EventCountry "UZB"]
[SourceTitle "EXT 2013"]
[Source "ChessBase"]
[SourceDate "2012.11.22"]
[SourceVersion "1"]
[SourceVersionDate "2012.11.22"]
[SourceQuality "1"]

1. e4 e5 2. Nf3 Nc6 3. Bb5 Nf6 4. 0-0 d6 5. d4 Bd7 6. Re1 Be7 7. c3 0-0 8. h3 a6 9. Ba4 Re8 10. Nbd2 Bf8 11. Bc2 g6 12. Nf1 Nh5 13. dxe5 Nxe5 14. Nxe5 dxe5 15. Qf3 Be6 16. g4 Nf4 17. Bxf4 Qf6 18. Ne3 c6 19. Ng2 g5 20. Ne3 Qxf4 21. Qxf4 exf4 22. Nf5 Rad8 23. Rad1 a5 24. a3 Bc5 25. Kg2 Kf8 26. Rxd8 Rxd8 27. Rd1 Rxd1 28. Bxd1 f6 29. Kf3 Bf7 30. b4 axb4 31. axb4 Be7 32. Ke2 Bc4+ 33. Ke1 Ke8 34. Be2 Bf7 35. Kd2 Bf8 36. f3 Kd7 37. b5 Kc7 38. bxc6 bxc6 39. c4 Kb6 40. Kc3 Ka5 41. Kb3 Be8 42. Nd4 Bd7 43. Nc2 Be8 44. Kc3 Ka4 45. Bd1 Bd6 46. Nb4+ Ka3 47. Nd3 c5 48. Be2 Be5+ 49. Kd2 Bd4 50. Kd1 Bf7 0-1

[Event "UZB-ch U20"]
[Site "Novbahor"]
[Date "2012.09.09"]
[Round "4"]
[White "Khudoykulov, Nuriddin"]
[Black "Yakubboev, Nodirbek"]
[Result "0-1"]
[WhiteElo "2006"]
[BlackElo "1996"]
[PlyCount "88"]
[EventDate "2012.09.06"]
[EventType "tourn"]
[EventRounds "13"]
[EventCountry "UZB"]
[SourceTitle "EXT 2013"]
[Source "ChessBase"]
[SourceDate "2012.11.22"]
[SourceVersion "1"]
[SourceVersionDate "2012.11.22"]
[SourceQuality "1"]

1. e4 e5 2. Nf3 Nc6 3. Bb5 Bc5 4. 0-0 Nd4 5. Bc4 Nxf3+ 6. Qxf3 Nf6 7. Qg3 0-0 8. d3 Qe7 9. Bg5 d6 10. Nc3 c6 11. Kh1 Kh8 12. Ne2 h6 13. Qh4 Kg8 14. Bxf6 Qxf6 15. Qxf6 gxf6 16. f4 Bg4 17. Ng3 Be3 18. fxe5 fxe5 19. h3 Bf4 20. Kh2 h5 21. hxg4 h4 22. Kh3 hxg3 23. g5 Kg7 24. Kg4 Rh8 25. Rh1 Rad8 26. d4 Rh2 27. Kf3 Rdh8 28. Rhd1 R8h5 29. dxe5 Bxe5 30. Rab1 Rxg5 31. b4 b6 32. a4 Rgh5 33. Bf1 R5h4 34. c4 Rf4+ 35. Ke3 Rhh4 36. Bd3 Rf2 37. Bf1 Ra2 38. a5 Rf4 39. axb6 axb6 40. Be2 Rf2 41. Bf3 c5 42. bxc5 bxc5 43. Rbc1 Ra3+ 44. Rd3 Bd4+ 0-1

[Event "Tashkent Hokim Cup 4th"]
[Site "Tashkent"]
[Date "2012.08.01"]
[Round "4"]
[White "Khudoykulov, Nuriddin"]
[Black "Gevorgyan, Irina"]
[Result "0-1"]
[WhiteElo "2022"]
[BlackElo "2178"]
[PlyCount "101"]
[EventDate "2012.07.29"]
[EventType "swiss"]
[EventRounds "9"]
[EventCountry "UZB"]
[SourceTitle "EXT 2024"]
[Source "ChessBase"]
[SourceDate "2023.10.10"]
[SourceVersion "1"]
[SourceVersionDate "2023.10.10"]
[SourceQuality "1"]

1. e4 c6 2. d4 d5 3. Nc3 dxe4 4. Nxe4 Bf5 5. Ng3 Bg6 6. h4 h6 7. Nf3 Nd7 8. h5 Bh7 9. Bd3 Bxd3 10. Qxd3 Ngf6 11. Bf4 e6 12. 0-0-0 Be7 13. Kb1 a5 14. c4 0-0 15. Ne4 Nxe4 16. Qxe4 Nf6 17. Qe2 b5 18. c5 Nd5 19. g3 a4 20. Ne5 Qc8 21. Ng4 a3 22. Ne3 axb2 23. Nxd5 exd5 24. Rd2 Bf6 25. Qd3 Re8 26. Rhd1 Ra4 27. Be3 Qg4 28. Kxb2 Qxh5 29. Ka1 Qf3 30. Qf1 b4 31. Kb1 Rea8 32. Rb2 Ra3 33. Qe2 Qe4+ 34. Qc2 Qxc2+ 35. Kxc2 Kh7 36. Rxb4 Rxa2+ 37. Rb2 Kg6 38. Rdb1 Kf5 39. Rxa2 Rxa2+ 40. Kd3 Ra3+ 41. Ke2 Ra7 42. Rb6 Rc7 43. Bf4 Re7+ 44. Kd3 g5 45. Be3 Rc7 46. f3 h5 47. Rb1 Rc8 48. Rb7 Ke6 49. Rb6 h4 50. g4 Bd8 51. Rb7 0-1

[Event "Asia U20 op"]
[Site "Tashkent"]
[Date "2012.06.06"]
[Round "8"]
[White "Khudoykulov, Nuriddin"]
[Black "Aripov, Iskandar"]
[Result "0-1"]
[WhiteElo "2023"]
[BlackElo "2188"]
[PlyCount "122"]
[EventDate "2012.05.30"]
[EventType "swiss"]
[EventRounds "9"]
[EventCountry "UZB"]
[SourceTitle "CBM 148 Extra"]
[Source "ChessBase"]
[SourceDate "2012.06.22"]
[SourceVersion "1"]
[SourceVersionDate "2012.06.22"]
[SourceQuality "1"]

1. e4 c5 2. Nf3 g6 3. c4 Bg7 4. d4 Qa5+ 5. Nc3 Nf6 6. Qc2 Nc6 7. dxc5 Nxe4 8. Qxe4 Bxc3+ 9. Bd2 Bxd2+ 10. Nxd2 Qxc5 11. Be2 d6 12. 0-0 Bf5 13. Qe3 Qxe3 14. fxe3 Ne5 15. e4 Be6 16. Rac1 Rc8 17. b3 f6 18. Nf3 Nxf3+ 19. gxf3 g5 20. Kf2 Rc7 21. Ke3 Kd7 22. Rg1 Rhc8 23. Rcd1 Rg8 24. Bd3 b6 25. Rg3 Kc6 26. Kd4 Bf7 27. Rdg1 e5+ 28. Ke3 Rg6 29. R3g2 Rh6 30. Rd2 Rh4 31. Rg4 Rxg4 32. fxg4 Be6 33. Be2 Rg7 34. Bf3 Rg6 35. Rf2 Rh6 36. Be2 Kd7 37. Kd2 Ke7 38. Rg2 Rh3 39. Kd1 Bf7 40. Kd2 Bg6 41. Bd3 h5 42. gxh5 Bxh5 43. Rf2 Kf7 44. Rg2 Kg6 45. Rf2 Rh4 46. Kc1 Rf4 47. Rg2 Bf3 48. Rf2 Bh1 49. Re2 Rf1+ 50. Kd2 Rg1 51. Ke3 Rg2 52. Rf2 Rxf2 53. Kxf2 g4 54. Kg3 Kg5 55. b4 f5 56. exf5 e4 57. f6 Kxf6 58. Bc2 Kf5 59. a4 a5 60. bxa5 bxa5 61. Kf2 Kf4 0-1

[Event "Asia U20 op"]
[Site "Tashkent"]
[Date "2012.06.01"]
[Round "3"]
[White "Khudoykulov, Nuriddin"]
[Black "Saiyn, Zhanat"]
[Result "0-1"]
[WhiteElo "2023"]
[BlackElo "2180"]
[PlyCount "70"]
[EventDate "2012.05.30"]
[EventType "swiss"]
[EventRounds "9"]
[EventCountry "UZB"]
[SourceTitle "CBM 148 Extra"]
[Source "ChessBase"]
[SourceDate "2012.06.22"]
[SourceVersion "1"]
[SourceVersionDate "2012.06.22"]
[SourceQuality "1"]

1. e4 c5 2. Nf3 e6 3. d4 cxd4 4. Nxd4 Nc6 5. Nc3 Qc7 6. Be3 Nf6 7. Bd3 a6 8. 0-0 Bd6 9. h3 b5 10. a3 Bb7 11. Qe2 h5 12. Nb3 Ng4 13. Bd2 Bh2+ 14. Kh1 Nce5 15. f4 Ng6 16. e5 Nh4 17. Be4 Bxe4 18. Qxe4 Qa7 19. Nd4 Rc8 20. Nce2 g5 21. c3 Ng6 22. hxg4 hxg4 23. g3 gxf4 24. Bxf4 Bxg3+ 25. Kg2 Bh4 26. Rh1 Rc5 27. Raf1 Rh5 28. Bg3 Rcxe5 29. Bxe5 Rxe5 30. Qd3 Qb7+ 31. Kg1 Bg5 32. Nf3 Be3+ 33. Kg2 gxf3+ 34. Kg3 Rg5+ 35. Kh3 fxe2 0-1